Write idea! / (Record no. 344728)
[ view plain ]
| 000 -LEADER | |
|---|---|
| fixed length control field | 00907nam a2200313Ia 4500 |
| 008 - FIXED-LENGTH DATA ELEMENTS--GENERAL INFORMATION | |
| fixed length control field | 171025s9999 xx 000 0 und d |
| 020 ## - INTERNATIONAL STANDARD BOOK NUMBER | |
| International Standard Book Number | 22438092 |
| 050 ## - LIBRARY OF CONGRESS CALL NUMBER | |
| Classification number | 808 |
| 050 ## - LIBRARY OF CONGRESS CALL NUMBER | |
| Item number | B798 1993 |
| 100 ## - MAIN ENTRY--PERSONAL NAME | |
| Personal name | Bradbury, Ray |
| 245 ## - TITLE STATEMENT | |
| Title | Write idea! / |
| 245 ## - TITLE STATEMENT | |
| Statement of responsibility, etc | by Ray Bradbury, Elaine Mei Aoki, James Flood and James V. Hoffman. |
| 260 ## - PUBLICATION, DISTRIBUTION, ETC. (IMPRINT) | |
| Place of publication, distribution, etc | USA : |
| 260 ## - PUBLICATION, DISTRIBUTION, ETC. (IMPRINT) | |
| Name of publisher, distributor, etc | McMillan, |
| 260 ## - PUBLICATION, DISTRIBUTION, ETC. (IMPRINT) | |
| Date of publication, distribution, etc | 1993 |
| 300 ## - PHYSICAL DESCRIPTION | |
| Extent | xxii, 420 pages : |
| 300 ## - PHYSICAL DESCRIPTION | |
| Other physical details | colored illustrations ; |
| 300 ## - PHYSICAL DESCRIPTION | |
| Dimensions | 28cm. |
| 500 ## - GENERAL NOTE | |
| General note | Includes glossary, bibliographic reference and index. |
| 650 ## - SUBJECT ADDED ENTRY--TOPICAL TERM | |
| Topical term or geographic name as entry element | English language -- |
| 650 ## - SUBJECT ADDED ENTRY--TOPICAL TERM | |
| Topical term or geographic name as entry element | Language arts (Elementary). |
| 650 ## - SUBJECT ADDED ENTRY--TOPICAL TERM | |
| Topical term or geographic name as entry element | Reading (Elementary) -- |
| 650 ## - SUBJECT ADDED ENTRY--TOPICAL TERM | |
| General subdivision | Grammar -- Study and teaching (Elementary). |
| 650 ## - SUBJECT ADDED ENTRY--TOPICAL TERM | |
| General subdivision | Language experience approach. |
| 700 ## - ADDED ENTRY--PERSONAL NAME | |
| Personal name | Aoki, Elaine Mei. |
| 700 ## - ADDED ENTRY--PERSONAL NAME | |
| Personal name | Flood, James. |
| 700 ## - ADDED ENTRY--PERSONAL NAME | |
| Personal name | Hoffman, James V. |
| 700 ## - ADDED ENTRY--PERSONAL NAME | |
| Personal name | Title. |
| Withdrawn status | Lost status | Damaged status | Home library | Current library | Date acquired | Total Checkouts | Full call number | Barcode | Date last seen | Price effective from | Koha item type |
|---|---|---|---|---|---|---|---|---|---|---|---|
| Stonyhurst Southville International School (Malarayat) | Stonyhurst Southville International School (Malarayat) | 10/25/2017 | NF 808 B798 1993 | SSISM3781 | 10/25/2017 | 10/25/2017 | Books |